• 首页
  • 本馆介绍
  • 公告通知
  • 最新文献
  • 馆藏检索
  • 电子资源
  • 读者导购
  • 参考咨询
  • 我的图书馆
  • 登录
  • 详细信息显示
  • 放入我的书架
  • 预约/预借图书
  • 作者相关作品
  • 分类相关作品
  • 丛书相关作品
  • 出版社相关作品

书目信息

  • 表格格式
  • 工作单格式
  • 卡片格式
题名:
鲁迅作品集
    
 
作者: 鲁迅 著 ;金隐铭 编
分册:   小说卷
出版信息: 北京   现代出版社  2016
页数: 288页
开本: 23cm
丛书名:
单 册:
中图分类: I210.2 , I210.6
科图分类:
主题词: 鲁迅著作--作品集 , 鲁迅小说--小说集
电子资源:
ISBN: 978-7-5143-4287-1
000 00927nam0 2200277 450
001 012001003952
005 20140926114741.0
010    @a978-7-5143-4287-1@dCNY30.00
100    @a20160331d2016 em y0chiy50 ea
101 0  @achi
102    @aCN@b110000
105    @aa z 000ay
106    @ar
200 1  @a鲁迅作品集@9lu xun zuo pin ji@i小说卷@b专著@f鲁迅著@g金隐铭编
210    @a北京@c现代出版社@d2016
215    @a288页@c图@d23cm
300    @a现代版作家作品集
330    @a《鲁迅小说全编》收入迄今为止发现的鲁迅先生(1881~1936)的全部小说——《呐喊》《彷徨》《故事新编》,共33篇。其“画眼睛”“勾灵魂”的白描手法的“圆熟”,丰满的人物形象具有典型的意义。
606 0  @a鲁迅著作@x作品集
606 0  @a鲁迅小说@x小说集
690    @aI210.2@v5
690    @aI210.6@v5
701  0 @a鲁迅@9lu xun@4著
702  0 @a金隐铭@9jin yin ming@4编
801  0 @aCN@b上海新华@c20180901
905    @b1170016-20@dI210.2@e342@f5
    
    鲁迅作品集.小说卷/鲁迅著/金隐铭编.-北京:现代出版社,2016
    288页:图;23cm
    现代版作家作品集
    
    ISBN 978-7-5143-4287-1:CNY30.00
    《鲁迅小说全编》收入迄今为止发现的鲁迅先生(1881~1936)的全部小说——《呐喊》《彷徨》《故事新编》,共33篇。其“画眼睛”“勾灵魂”的白描手法的“圆熟”,丰满的人物形象具有典型的意义。
●
相关链接 在E读中查询图书 在五车中查询图书 在当当中查询图书 在豆瓣中查询图书


正题名:鲁迅作品集     索取号:I210.2/342         预约/预借

序号 登录号 条形码 馆藏地/架位号 状态 备注
1 1170016   211700168   第一样本阅览室/ [索取号:I210.2/342] 在馆    
2 1170017   211700177   第二借阅区/ [索取号:I210.2/342] 在馆    
3 1170018   211700186   密集书库-文学院/ [索取号:I210.2/342] 在馆    
4 1170019   211700195   第二借阅区/ [索取号:I210.2/342] 在馆    
5 1170020   211700202   第二借阅区/ [索取号:I210.2/342] 在馆    
唐山师范学院图书馆 欢迎您!
大连网信软件有限公司© 版权所有